000 00642 a2200217 4500
999 _c32040
_d32040
003 OSt
005 20260312142046.0
008 260312b ||||| |||| 00| 0 eng d
020 _a9780071329194
040 _c.
082 _a620.106
_bS6931
100 _91516
_aSom, S. K.
245 _aIntroduction to Fluid Mechanics and Fluid Machines /
_cS K Som , Gautam Biswas and Suman Chakraborty
250 _a3rd ed.
260 _bMcGraw Hill Education Private Limited,
_aChennai :
_c2012.
300 _a841 p.
650 0 _9298
_aFluid Mechanics
700 _96691
_aBiswas, Gautam
700 _96692
_aChakraborty, Suman
942 _2ddc
_cBK